Alfarabi, Avicenna and Averroes on Intellect (Record no. 11606)

MARC details
000 -LEADER
fixed length control field 00707nam a2200265 a 4500
020 ## - INTERNATIONAL STANDARD BOOK NUMBER
ISBN 0194238
082 00 - DEWEY DECIMAL CLASSIFICATION NUMBER
Classification number 153.9
Author Cutter DAV
100 ## - MAIN ENTRY--AUTHOR NAME
Author name Davidson, Herbert A
245 ## - TITLE STATEMENT
Title Alfarabi, Avicenna and Averroes on Intellect
Sub title Their Cosmologies, Theories
260 ## - PUBLICATION, DISTRIBUTION, ETC. (IMPRINT)
Place of publication Londan
Name of publisher Oxford University Press
Year of publication 1992
300 ## - PHYSICAL DESCRIPTION
Number of Pages 363p
500 ## - GENERAL NOTE
General note includes index and biblioraphy
505 2# - FORMATTED CONTENTS NOTE
Formatted contents note Index
650 ## - SUBJECT ADDED ENTRY--TOPICAL TERM
Topical Term Avicenna
650 ## - SUBJECT ADDED ENTRY--TOPICAL TERM
Topical Term Averroes
650 ## - SUBJECT ADDED ENTRY--TOPICAL TERM
Topical Term Philosophy-Islamic
942 ## - ADDED ENTRY ELEMENTS (KOHA)
Koha item type Books
700 1# -
-- Davidson, Herbert A
Holdings
Collection code Home library Current library Date acquired Cost, normal purchase price Full call number Accession Number Koha item type
  Henry Martyn Institute Library Henry Martyn Institute Library 09/17/2013 1957.55 153.9 DAV 015307 Books
                   Copyright © 2026 | Henry Martyn Institute | Hyderabad | TS-500052 | INDIA | Implemented by hmi.edu.in
Hit-Count:

Powered by Koha